000 00562nam a2200229Ia 4500
003 OSt
005 20221005121424.0
006 a|||||r|||| 00| 0
007 ta
008 221004b |||||||| |||| 00| 0 urd d
024 _a12977
037 _cTextual
040 _aCRL
_cCRL
_burd
041 _2urd
_aurd
082 _aO168,3N14x, N47
100 _aKrishan Chander
245 0 _aHawaii Qila
260 _c1947
650 _aURDU LITERATURE
942 _hO168,3N14x, N47
_cTEXL
_2cc
999 _c1041117
_d1041117